000 00584nam a22001697a 4500
003 OSt
005 20240930173657.0
008 240930b |||||||| |||| 00| 0 eng d
040 _c0
082 _aDPer 050 R22 2000 June -December 2023 v123 no. 7124-728
100 _a Schatzle, Karin.
_eauthor.
_961854
245 _aQuiz ;
_bwhat would the world be without paper ? /
_cKarin Schatzle.
260 _aTaipei ;
_bReader's Digest Asia,
_cDecember-January 2023.
300 _aVolume 123, pages 80-83,
_billustration.
700 _a Schatzle, Karin.
_eauthor.
_961854
942 _2ddc
_cPER
999 _c22034
_d22034